Loading...
| Other - Geo/CE | 2 | 2 | 0 | 1 | 50 | 52 | 78.75 | 3 | 4 |
| Other - Other Academic | 2 | 1 | 0 | 1 | 40 | 48 | 77.33 | 2 | 3 |
| History - American History | 1 | 3 | 1 | 0 | 40 | 32 | 81.25 | 1 | 2 |
| Thought - Social Science | 1 | 2 | 1 | 1 | 30 | 39 | 94.00 | 1 | 3 |
| History - World History | 2 | 0 | 0 | 0 | 30 | 63 | 77.50 | 1 | 2 |
| History - Euro History | 0 | 3 | 1 | 1 | 25 | 61 | 96.00 | 1 | 2 |
| Other - Pop Culture | 1 | 1 | 0 | 0 | 25 | 55 | 71.00 | 0 | 2 |
| History - Other History | 1 | 1 | 1 | 0 | 20 | 18 | 64.00 | 2 | 2 |
| Arts - Other Arts | 0 | 2 | 1 | 0 | 15 | 72 | 93.50 | 0 | 2 |
| Literature - American Lit | 0 | 1 | 0 | 0 | 10 | 72 | 72.00 | 0 | 1 |
| Literature - World Lit | 0 | 1 | 0 | 0 | 10 | 72 | 72.00 | 0 | 1 |
| Literature - British Lit | 0 | 1 | 0 | 0 | 10 | 79 | 79.00 | 0 | 1 |
| Beliefs - Mythology | 0 | 1 | 0 | 1 | 10 | 137 | 137.00 | 0 | 1 |
| Beliefs - Religion | 0 | 1 | 0 | 0 | 10 | 107 | 107.00 | 1 | 1 |
| Science - Biology | 0 | 1 | 0 | 0 | 10 | 81 | 81.00 | 0 | 0 |
| Literature - Euro Lit | 0 | 1 | 1 | 0 | 5 | 121 | 121.00 | 0 | 0 |